000 00928nam a2200265Ia 4500
003 OSt
005 20221005110642.0
006 a|||||r|||| 00| 0
007 ta
008 221004b |||||||| |||| 00| 0 hin d
020 _a9788171789337 (hbk)
_c200
024 _a17683
037 _bSP/3819, 25/03/2015, Star Publications Pvt. Ltd.
_cTextual
040 _aCRL
_cCRL
_bhin
041 _2hin
_ahin
082 _aO152,1N07x, N0
100 _aवर्मा, महादेवी
245 0 _aअग्निरेखा
246 _aAgnirekhā
260 _aनई दिल्ली
_bराजकमल प्रकाशन भारत
_c2012
300 _a72पृ0
_ccm.
650 _aहिन्दी साहित्य
942 _hO152,1N07x, N0
_cTEXL
_2cc
999 _c1019480
_d1019480